Sining ng Pakikipagtalastasan: (Record no. 2155)
[ view plain ]
| 000 -LEADER | |
|---|---|
| fixed length control field | 00425nam a22001697a 4500 |
| 003 - CONTROL NUMBER IDENTIFIER | |
| control field | 0 |
| 005 - DATE AND TIME OF LATEST TRANSACTION | |
| control field | 20220114142020.0 |
| 008 - FIXED-LENGTH DATA ELEMENTS--GENERAL INFORMATION | |
| fixed length control field | 0 |
| 020 ## - INTERNATIONAL STANDARD BOOK NUMBER | |
| International Standard Book Number | ISBN971817107x |
| 040 ## - CATALOGING SOURCE | |
| Transcribing agency | 0 |
| 050 ## - LIBRARY OF CONGRESS CALL NUMBER | |
| Classification number | P90 |
| Item number | .A5818 2005 |
| 100 ## - MAIN ENTRY--PERSONAL NAME | |
| Personal name | Angeles,Feliciana S. |
| 245 ## - TITLE STATEMENT | |
| Title | Sining ng Pakikipagtalastasan: |
| Remainder of title | Filipino 1 |
| Statement of responsibility, etc. | Feliciana S. Angeles |
| 260 ## - PUBLICATION, DISTRIBUTION, ETC. | |
| Name of publisher, distributor, etc. | Bookstore Publishing Corporation; |
| Date of publication, distribution, etc. | c2005. |
| 300 ## - PHYSICAL DESCRIPTION | |
| Extent | 263pages; |
| Dimensions | 23 cm. |
| 942 ## - ADDED ENTRY ELEMENTS (KOHA) | |
| Source of classification or shelving scheme | Library of Congress Classification |
| Koha item type | Filipiniana |
| Withdrawn status | Source of classification or shelving scheme | Damaged status | Not for loan | Home library | Current library | Date acquired | Total Checkouts | Full call number | Barcode | Date last seen | Price effective from | Koha item type |
|---|---|---|---|---|---|---|---|---|---|---|---|---|
| Library of Congress Classification | Cainta College Library | Cainta College Library | 09/22/2017 | P90.A5818 2005 | URSCAI-3799 | 09/22/2017 | 09/22/2017 | Filipiniana |